| 000 | 02158ctm a22003251i 4500 | ||
|---|---|---|---|
| 003 | SA-RiAUC | ||
| 005 | 20251216121413.0 | ||
| 008 | 251208s1996 sj f m 00000 ara c | ||
| 040 |
_aSA-JeALM _bara _cSA-RiAUC. _erda |
||
| 082 | 0 | 4 |
_a255.1 _qSA-RiAUC |
| 090 |
_aر 255.1 _bا ف غ |
||
| 100 | 1 |
_aالأفغاني، محمد عالم عبد المجيد _eمؤلف. |
|
| 245 | 1 | 0 |
_aكتاب الجنايات : _bالحدود من الجزء السادس من كتاب الذخيرة للقرافي ت. 684 هـ. / _cإعداد محمد عالم عبد المجيد الأفغاني ؛ إشراف إبراهيم العاقب أحمد. |
| 264 | 0 | _c1996 | |
| 300 |
_a586 ورقة ؛ _c30 سم |
||
| 336 |
_aنص _btxt _2rdacontent _3أطروحة |
||
| 337 |
_aبدون وسيط _bn _2rdamedia |
||
| 338 |
_aمجلد _bnc _2rdacarrier |
||
| 500 | _aأطروحة (دكتوراه)-جامعة أم درمان الإسلامية، كلية الشريعة والقانون، قسم الفقه المقارن، 1996. | ||
| 502 | _aأطروحة (دكتوراه)-جامعة أم درمان الإسلامية، كلية الشريعة والقانون، قسم الفقه المقارن، 1996. | ||
| 520 | 3 | _aاستعرض الباحث في أطروحته روح عصر المؤلف السياسية والاجتماعية والعلمية، ثم ترجم لحياة المؤلف وشيوخه وتلامذته ومكانته العلمية ومصنفاته، كما قام الباحث بالتعريف بالكتاب وقيمته العلمية وأسلوبه ومنهجه ومصادره، وفي ختام أطروحته قام الباحث بتحقيق موضوعات كتاب الجنايات. | |
| 650 | 7 |
_aالحدود (شريعة إسلامية) _2aucsh |
|
| 650 | 7 |
_aالعقوبات (فقه إسلامي) _2aucsh |
|
| 650 | 7 |
_aالجنايات (فقه إسلامي) _2aucsh |
|
| 700 | 1 | 2 |
_aالقرافي، أحمد بن إدريس بن عبد الرحمن، _d626-684 هجري |
| 700 |
_aأحمد, إبراهيم العاقب . _eإشراف |
||
| 740 | 2 | 2 | _aالذخيرة. |
| 942 |
_2ddc _cTHESES _n0 |
||
| 949 |
_aSA-JeALM _d251208 _umohamedma123 _n1 |
||
| 999 |
_c13557 _d13557 |
||